000 00691nam a2200205 i 4500
001 93795
003 ES-MaACL
005 20230906181322.0
007 t|
008 050420q1962 es ||||1| spa d
100 1 _aLópez Jiménez, Ramón.
_973716
245 1 0 _aSíntesis biográfica del Ateneo de El Salvador en medio siglo de existencias /
_cDr. Ramón López Jiménez.
260 _aEl Salvador :
_bPublicaciones del Ateneo,
_c[1962?]
300 _a25 p. ;
_c25 cm.
610 0 4 _aAteneo de El Salvador.
_91865
852 _aES-MaACL
_j2039-F-5
_bR.53478
852 _aES-MaACL
_j2039-F-4
_bR.53476
852 _aES-MaACL
_j2039-F-3
_bR.53475
852 _aES-MaACL
_j2039-F-6
_bR.53477
999 _c93795
_d93795